Line by Line - All Too Well (10 Min Version) - Statistics

General Stats
  • This quiz has been taken 6 times
    3 since last reset
  • The average score is 13 of 109
Answer Stats
Answer % Correct
I walked through the door with you, the air was cold
100%
After three months in the grave
50%
And I can picture it after all these days
50%
And I forget about you long enough
50%
And I know it's long gone and
50%
And I left my scarf there at your sister's house
50%
And I might be okay, but I'm not fine at all
50%
And you've still got it in your drawer, even now
50%
But all I felt was shame and you held my lifeless frame
50%
I remember it all too well
50%
Now you mail back my things and I walk home alone
50%
Oh, oh, oh
50%
Oh, your sweet disposition and my wide-eyed gaze
50%
That magic's not here no more
50%
'Til we were dead and gone and buried
50%
Time won't fly, it's like I'm paralyzed by it
50%
Wind in my hair, I was there
50%
You used to be a little kid with glasses in a twin-sized bed
50%
After plaid shirt days and nights when you made me your own
0%
And did the twin flame bruise paint you blue
0%
And he said, it's supposed to be fun turning twenty-one
0%
And how it glistened as it fell
0%
And I was never good at tellin' jokes, but the punch line goes
0%
And I was thinkin' on the drive down, "Any time now
0%
And that made me want to die
0%
And then you wondered where it went to as I reached for you
0%
And there we are again when nobody had to know
0%
And you call me up again just to break me like a promise
0%
And your mother's tellin' stories 'bout you on the tee-ball team
0%
And you were tossing me the car keys, "Fuck the patriarchy"
0%
A never-needy, ever-lovely jewel whose shine reflects on you
0%
Autumn leaves fallin' down like pieces into place
0%
Back before you lost the one real thing you've ever known
0%
But maybe this thing was a masterpiece 'til you tore it all up
0%
But somethin' 'bout it felt like home somehow
0%
But then he watched me watch the front door all night, willin' you to come
0%
But you keep my old scarf from that very first week
0%
'Cause in this city's barren cold
0%
'Cause I remember it all, all, all
0%
'Cause it reminds you of innocence and it smells like me
0%
'Cause there we are again in the middle of the night
0%
'Cause there we are again when I loved you so
0%
'Cause you remember it all too well, yeah
0%
'Causе there we arе again on that little town street
0%
Check the pulse and come back swearin' it's the same
0%
Down the stairs, I was there
0%
Down the stairs, I was there, I was there
0%
Down the stairs, you were there
0%
Every time you double-cross my mind
0%
From when your Brooklyn broke my skin and bones
0%
He's gonna say it's love," you never called it what it was
0%
I'd like to be my old self again, but I'm still tryin' to find it
0%
I'll get older, but your lovers stay my age
0%
I'm a crumpled-up piece of paper lyin' here
0%
I'm a soldier who's returning half her weight
0%
I still remember the first fall of snow
0%
It was rare, I was there
0%
It was rare, you remember it
0%
It was rare, you remember it all too well
0%
Just between us, did the love affair maim you all too well
0%
Just between us, did the love affair maim you too
0%
Just between us, do you remember it all too well
0%
Just between us, I remember it all too well
0%
Keychain on the ground, we were always skippin' town
0%
Not weepin' in a party bathroom
0%
Photo album on the counter, your cheeks were turnin' red
0%
Runnin' scared, I was there
0%
Sacred prayer and we'd swear
0%
Sacred prayer, I was there, I was there
0%
Sippin' coffee like you're on a late-night show
0%
So casually cruel in the name of bein' honest
0%
Some actress askin' me what happened, you
0%
That's what happened, you
0%
The idea you had of me, who was she?
0%
There was nothing else I could do
0%
They say all's well that ends well, but I'm in a new hell
0%
To forget why I needed to
0%
To remember it all too well, yeah
0%
Well, maybe we got lost in translation, maybe I asked for too much
0%
We're dancin' 'round the kitchen in the refrigerator light
0%
We're singin' in the car, getting lost upstate
0%
Wind in my hair, I was there, I was there
0%
Wind in my hair, you were there
0%
You almost ran the red 'cause you were lookin' over at me
0%
You can't get rid of it
0%
You kept me like a secret, but I kept you like an oath
0%
You remember it all
0%
You said if we had been closer in age, maybe it would've been fine
0%
You taught me 'bout your past, thinkin' your future was me
0%
You who charmed my dad with self-effacing jokes
0%
No matching quizzes found
Score Distribution
Percent of People with Each Score
Percentile by Number Answered
Your Score History
You have not taken this quiz since the last reset